BIBLIOTHÈQUE DE LA MAISON DU MEXIQUE

Logo 1 Logo 2

México y los mexicanos (notice nᵒ 8467)

détails MARC
000 -Sello discográfico
campo de control de longitud fija 00944nam a2200301 4500
005 - Identificación de versión
campo de control 20260220111204.0
010 ## - Número Estándar Internacional de Libros (ISBN)
Número (ISBN) 970-18-4846-2
035 ## - Otros números de control del sistema
Número de control del sistema 29327
099 ## - fechas locales
Tipo de ítem Koha LIBRO
100 ## - Datos de procesamiento general
Datos de procesamiento general 20021018d2000 m y1spay5003 ba
101 ## - Idioma del recurso
Idioma del texto, banda sonora, etc. Español; Castellano
105 ## - Campo de datos codificados: Material textual, monográfico
Datos codificados de monografía y 001gy
200 1# - Título y mención de responsabilidad
Título propio México y los mexicanos
Designación general del material texto impreso
Primer mención de responsabilidad José Zorrilla
Declaración de responsabilidad subsiguiente selección, prólogo y notas Pablo Mora
-- notas Silvia Salgado y Pablo Mora
205 ## - Declaración de edición
Declaración de edición 1a ed
210 ## - Publicación, distribución, etc.
Lugar de publicación, distribución, etc. México
Nombre del editor, distribuidor, etc. Consejo Nacional para la Cultura y las Artes
Fecha de publicación, distribución, etc. 2000
215 ## - Descripción física
Designación de material específico y extensión del ítem 166 p
Dimensiones 21 cm
345 ## - Nota de información de adquisición
Fuente de adquisición/dirección de la suscripción [OBSOLETO] Donación
410 #1 - Series
Título Colección Mirada viajera
606 ## - Término temático usado como materia
Elemento de entrada Poesía mexicana
Subdivisión temática Historia y crítica
Número Koha 13069
660 ## - Código de área geográfica
Código MX
700 ## - Nombre personal - Responsabilidad primaria
Elemento de entrada Zorrilla y Moral
Parte del nombre distinta del elemento de entrada José
Fechas 1817-1893
Número Koha 14418
702 ## - Nombre personal - Responsabilidad secundaria
Elemento de entrada Mora
Parte del nombre distinta del elemento de entrada Pablo
Número Koha 9602
702 ## - Nombre personal - Responsabilidad secundaria
Elemento de entrada Salgado Ruelas
Parte del nombre distinta del elemento de entrada Silvia Mónica
Número Koha 14419
801 #0 - Fuente de origen
País FR
Agencia cm
Reglas de catalogación (convenciones descriptivas) AFNOR
942 ## - ELEMENTOS DE ENTRADA SECUNDARIOS (KOHA)
Tipo de ítem Koha Livre
Exemplaires
Estatus retirado Estado de daño Estado de pérdida Fecha de adquisición Biblioteca de origen Biblioteca actual Ubicación en estantería Código de barras Precio de reemplazo Signatura topográfica completa No para préstamo Tipo de ítem Koha Nota pública Nota no pública
      05/08/2025 Casa México Paris Casa México Paris   009016 05/08/2025 861.40 Z88M   Livre 20231109LIV 751145101